| 000 | 00834nam a2200205 a 4500 | ||
|---|---|---|---|
| 001 | BRCA_2096 | ||
| 005 | 20190320203652.0 | ||
| 008 | 110808s1990----mx-#---###---#000-0#spa-# | ||
| 050 | 4 |
_aF1391.P8 _b.L43 38 _c1990 |
|
| 100 | 1 |
_aGonzález Dávila, Gil _d1578-1658 _96363 |
|
| 245 | 1 | 0 |
_aTeatro eclesiástico de la Santa Iglesia de la Puebla de los Angeles y vidas de sus obispos, 1649 _cGil González Dávila. |
| 260 |
_aPuebla, México _bGobierno del Estado de Puebla : Secretaría de Cultura : Comisión Puebla V Centenario _c1990 |
||
| 300 |
_a58 p. _c21 cm. |
||
| 440 | 0 |
_aLecturas Históricas de Puebla _n38 _96364 |
|
| 651 | 4 |
_aPuebla (México) _xHistoria _9409 |
|
| 651 | 4 |
_aPuebla (México) _xVida social y costumbres _9408 |
|
| 651 | 4 |
_aPuebla (México) _xIglesia católica _y1649 _96365 |
|
| 653 | 0 | _aVida cotidiana | |
| 942 |
_2lcc _cB |
||
| 999 |
_c1853 _d1853 |
||